| 000 | 00390nam a2200169Ia 4500 | ||
|---|---|---|---|
| 008 | 230524s9999 xx 000 0 und d | ||
| 020 | _a8120311883 | ||
| 082 |
_a621.382 _bGUP |
||
| 100 | _aPrakash C.Gupta | ||
| 245 | 0 | _aData Communications | |
| 250 | _a2ND | ||
| 260 |
_aNEW DELHI _bPHI _c2002 |
||
| 300 | _a475 | ||
| 500 | _aQuantity Number: 2 | ||
| 650 | _aElectronics | ||
| 942 | _cBK | ||
| 999 |
_c6724 _d6724 |
||